Mikor a gyerekek esznek...
Elmentve itt :
| Szerző: | |
|---|---|
| Dokumentumtípus: | Cikk |
| Megjelent: |
1984-11-03
|
| Sorozat: | Délmagyarország
74 No. 259 |
| Online Access: | http://dmarchiv.bibl.u-szeged.hu/95611 |
| LEADER | 00411nab a2200145 i 4500 | ||
|---|---|---|---|
| 001 | delm95611 | ||
| 005 | 20190903094011.0 | ||
| 008 | 190903s1984 hu o 0|| hun d | ||
| 040 | |a SZTE Délmagyarország Archívum |b hun | ||
| 041 | |a hun | ||
| 100 | 1 | |a Katona Judit | |
| 245 | 1 | 0 | |a Mikor a gyerekek esznek... |h [elektronikus dokumentum] / |c Katona Judit |
| 260 | |c 1984-11-03 | ||
| 300 | |a 7 | ||
| 490 | 0 | |a Délmagyarország |v 74 No. 259 | |